Technology by Letter: H - Statistics

General Stats
  • This quiz has been taken 22 times
  • The average score is 5 of 14
Answer Stats
Hint Answer % Correct
Person who breaks into computer systems Hacker
82%
Tool to bring mechanical force upon something Hammer
76%
Unit of energy, based on animals Horse power
65%
Pointy stick used for fishing Harpoon
47%
Digital interface for TV/computer screens HDMI
41%
3D version of photography Holography
41%
Flexible tube Hose
41%
Licensed amateur communication Ham radio
35%
Hollow pin that attaches to syringes Hypodermic needle
29%
Water-based source of electricity Hydropower
18%
Electrical article of body care Hair dryer
12%
Rocket fuel Hydrazine
12%
Vehicle with alternative fuel Hydrogen fuel car
12%
Office tool to organize papers Hole punch
6%
No matching quizzes found
Score Distribution
Percent of People with Each Score
Percentile by Number Answered
Your Score History
You have not taken this quiz